| 000 | 00487nam a2200193Ia 4500 | ||
|---|---|---|---|
| 001 | 55483 | ||
| 008 | 140505s9999 xx 000 0 und d | ||
| 020 | _aNA | ||
| 040 | _cPK-LaUMT | ||
| 082 |
_aMAL 371.1 _bTAY-T |
||
| 100 | _aTaylor, Vernon L. | ||
| 245 |
_aTeaching tips for part-time teachers _cTaylor, Vernon L. |
||
| 250 | _a2nd | ||
| 260 |
_aMiddletwon,usa: _bKey Productions Publishing Dept., _c1974 |
||
| 300 | _a94 p. | ||
| 546 | _aEN | ||
| 650 | _aTeaching | ||
| 942 | _cBK | ||
| 999 |
_c52821 _d52821 |
||